000 00544nam a2200121Ia 4500
008 220615s9999||||xx |||||||||||||| ||und||
100 _aJenkins, Kathleen
245 0 _aAwesome Families
_bThe Promise of Healing Relationships in the International Churches of Christ
546 _aEnglish[eng]
650 _aSociology||Disciple (Christianity)||Evangelicalism||Family (biology)||God
856 _uhttps://library.oapen.org/bitstream/20.500.12657/31798/1/625237.pdf||https://library.oapen.org/bitstream/20.500.12657/31798/1/625237.pdf
942 _cEB
999 _c12764
_d12764